01652naa a22003737a 4500001001000000003000900010005001700019007000300036008003400039040005400073041000900127072002600136090001800162100001900180100001700199100001800216111008400234245015500318246015300473246006700626260004100693500011800734650001000852650001400862650000900876650002600885650001200911650002200923773011500945909003601060942001401096999001901110952014901129BR8501368BR-BrBNA20240918175553.0ta230509b bl.||||| |||| 00| 0 por d aBR-BrBNAbporcBiblioteca Nacional de Agricultura a(Pt) aS10b0150b9205bG514 aS10 BR85013681 aOliveira, A.P.1 aVianna, V.A.1 aCunha, J.D.C.1 a13. Reuniao da Cultura do Arroz IrrigadocCamboriu, SC (Brazil)d26-28 Sep 19841 aAvaliacao das caracteristicas organolepticas das cultivares de arroz, ensaio regional - Pelotas - 1982 [Oryza sativa, grao, Rio Grande do Sul, Brasil]1 a[Assessment of the organoleptic characteristics of rice cultivars, regional trial - Pelotas - 1982 [Oryza sativa, grain, Rio Grande do Sul, Brazil]]1 a[Proceedings of the 13. Meeting on Irrigated Rice Cultivation]3 aFlorianopolis, SC (Brasil): c1984.  aAnais da 13. Reuniao da Cultura do Arroz Irrigado Florianopolis, SC (Brasil): 1984. p. 369-372 (BR8501368-AM)S10  aARROZ aVARIEDADE aGRAO aANALISE ORGANOLEPTICA aPELOTAS aRIO GRANDE DO SUL0 tAnais da 13. Reuniao da Cultura do Arroz IrrigadowS10 BR8501368gFlorianopolis, SC (Brasil), 1984. p. 369-372 a202404bLuciac55dLucia Elande cAM2AGRIS c317269d317269 002AGRIS40708Acervo Gerala41918b41918cAgrobasel0o0150 BR8501313r2024-05-20t01yAM10d2024-04-11ePortaria Interministerial nÂș 164/94